Characters in Call of Duty 4: Modern Warfare - Statistics

General Stats
  • This quiz has been taken 30 times
  • The average score is 8 of 38
Answer Stats
Born in Character Died or survived in Game % Correct
United Kingdom John Price Survived
100%
United Kingdom Gaz Died
78%
United Kingdom Mac Died
65%
Soviet Union Viktor Zakhaev Died
57%
United States Griggs Died
39%
Scotland,United Kingdom John "Soupe" McTavish Survived
39%
United States Paul Jackson Died
39%
? Khaled Al-Assad Died
22%
Scotland,United Kingdom MacMillan Survived
22%
United States Vasquez Died
22%
United Kingdom Griffin Survived
17%
United States Keating Died
17%
Saudi Arabia Yasser al-Fulani Died
17%
United Kingdom Arem Survived
13%
United Kingdom Lovejoy Survived
13%
United States Massie Survived/Dead
13%
United Kingdom Newcastle Survived
13%
United Kingdom Paulsen Died
13%
United States Pelayo Died
13%
United States Volker Died
13%
United Kingdom Walcroft Survived
13%
United States West Died
13%
United Kingdom Barton Survived
9%
United Kingdom C-1-1 Survived
9%
United Kingdom E-1-1 Survived
9%
Soviet Union Farmer Survived/Died
9%
United Kingdom Harris Died
9%
Soviet Union Imran Zahayev Died
9%
Soviet Union Komarov Survived
9%
Soviet Union/Russia Krigler Survived
9%
United Kingdom Lutz Survived
9%
? Michael Carver ?
9%
Soviet Union Nikolay Survived
9%
United Kingdom Parker Died
9%
United Kingdom R-1-1 Survived
9%
United States Roysevich Survived/Died
9%
United States Scully Survived
9%
United States Smith Survived
9%
No matching quizzes found
Score Distribution
Percent of People with Each Score
Percentile by Number Answered
Your Score History
You have not taken this quiz